000 00543nam a2200181 4500
001 117961
003 ES-MaACL
005 20230906191013.0
007 t|
008 070214s1971 sp r ||||1| spa d
100 1 _aPeretti, André de.
_990535
245 1 4 _aLas contradicciones de la cultura y la pedagogia /
_cAndré de Peretti ; traducción del francés por Diorki.
260 _aMadrid :
_bStudium,
_c1971.
300 _a326 p. ;
_c21 cm.
700 2 _aDiorki.
_9186458
852 _aES-MaACL
_jC-46406
_bR.77639
999 _c117961
_d117961